000 00562nam a2200181 i 4500
001 128666
003 ES-MaACL
005 20230906193334.0
007 t|
008 070523s1932 sp ||||1| spa d
100 1 _aTapia, Manuel.
_9109229
245 1 0 _aPatogenia y evolución de la tuberculosis pulmonar /
_cManuel Tapia, Julio Orensanz y Rafael Navarro.
260 _aMadrid :
_b[Gráficas Marinas],
_c1932.
300 _a62 p. :
_bil. ;
_c27 cm.
700 1 _aOrensanz, Julio.
_987231
700 1 _aNavarro, Rafael.
_985084
852 _aES-MaACL
_jB-12064
999 _c128666
_d128666